Uluslararası hukuk ve tahkim (Record no. 3578)

MARC details
000 -BAŞLIK
Sabit Uzunlukta Kontrol Alanı 00766na a2200265 4500
001 - KONTROL NUMARASI
Denetim Alanı 17248
003 - KONTROL NUMARASI IDENTIFIER
Denetim Alanı MIRAKIL
005 - SON İŞLEM TARİHİ VE ZAMANI
Denetim Alanı 20181213154936.0
008 - SABİT-BOY VERİ ELEMANLARI - GENEL BİLGİLER
Sabit Uzunlukta Kontrol Alanı 161023b tu 000 0
020 ## - ULUSLARARASI STANDART KİTAP NUMARASI
Uluslararası Standart Kitap Numarası 9753478461
040 ## - KATALOGLAMA KAYNAK
Orijinal Kataloglama Ajansı Milas
Kataloglama Dili tur
Metne Dönüştürmek Ajansı TR-AnCHP
041 ## - DİL KODU
Metin / Ses Parça Veya Ayrı Başlığın Dil Kodu tur
082 ## - DEWEY ONLU SINIFLANDIRMA NUMARASI
Sınıflandırma Numarası 341.522
Ürün Numarası E62u 2004
090 ## - SINIFLAMA NUMARASI
Sınıflama Numarası 341.522 E62u 2004
100 ## - ANA GİRİŞ - KİŞİSEL İSİM
Kişisel Ad Erdoğan, Feyiz
245 ## - BAŞLIK TABLOSU
Başlık Uluslararası hukuk ve tahkim
Sorumluluk Tablosu, Vb Feyiz Erdoğan
260 ## - YAYIN, DAĞITIM, VB
Yayın, Dağıtım, Vb Yeri Ankara
Yayıncı, Dağıtıcı, Vs Adı Seçkin
Yayın, Dağıtım, Vb Tarihi 2004
300 ## - FİZİKSEL TANIM
Kapsam 430 s.
Boyutlar 24 sm.
504 ## - KAYNAKÇA VB NOT
Kaynakça Vb Notu Kaynakça var.
650 ## - KONU KATMA GİRİŞ - TOPİKAL DÖNEM
Topikal Süreli Veya Coğrafi Ad Giriş Elemanı Tahkim
650 ## - KONU KATMA GİRİŞ - TOPİKAL DÖNEM
Topikal Süreli Veya Coğrafi Ad Giriş Elemanı Uluslararası hukuk
Genel Alt Bölümü Hukuki uyuşmazlıklar
Coğrafi Alt Bölümü Özel hukuk
650 ## - KONU KATMA GİRİŞ - TOPİKAL DÖNEM
Topikal Süreli Veya Coğrafi Ad Giriş Elemanı Uluslararası hukuk
Genel Alt Bölümü Hukuki uyuşmazlıklar
Coğrafi Alt Bölümü Kamu hukuku
942 ## - EKLENDİ GİRİŞ ELEMANLARI (KOHA)
Sınıflandırma Veya Raf Düzeni Kaynak Dewey Decimal Classification
Koha Öğesi Türü Books
999 ## - SİSTEM KONTROL NUMARALARI (KOHA)
Koha Biblionumber 3578
Koha Biblioitemnumber 3578
657 ## - INDEX SÜRE - İŞLEVİ
-- Türk Milletlerarası Tahkim Kanunu
Holdings
Kalıcı Konum Mevcut Konum Edinme Tarihi Edinim Kaynak Toplam Check-Out'Lar Tam Çağrı Numarası Barkod Tarih Son Görülme İtibaren Geçerli Fiyatlar Koha Öğesi Türü
CHP Kütüphanesi CHP Kütüphanesi 10/23/2016 Bağış   341.522 E62u 2004 008062 10/23/2016 10/23/2016 Books